La tía julia y el escribidor /
Guardado en:
| Autor Principal: | |
|---|---|
| Formato: | Libro |
| Publicado: |
Buenos Aires :
Sudamericana/planeta,
1984
|
| Materias: | |
| Etiquetas: |
Agregar Etiqueta
Sin Etiquetas, Sea el primero en etiquetar este registro!
|
| LEADER | 00666nam a22002175a 4500 | ||
|---|---|---|---|
| 001 | CEM.cems006445 | ||
| 005 | 20101015115112.0 | ||
| 008 | 130507s1984##################000#0#####d | ||
| 003 | CEMS | ||
| 020 | |a 9503700175 | ||
| 082 | 0 | 4 | |a Pe863.4 |
| 100 | 1 | |a Vargas Llosa, Mario | |
| 245 | 1 | 0 | |a La tía julia y el escribidor / |c Mario Vargas Llosaa |
| 260 | |a Buenos Aires : |b Sudamericana/planeta, |c 1984 | ||
| 300 | |a 447 p. | ||
| 653 | |a Literatura | ||
| 653 | |a Literatura peruana | ||
| 653 | |a Novelas | ||
| 653 | |a Novela peruana | ||
| 859 | |a CEMS |b BIB. CEMS - 11 de abril |h Pe863.4 |i V426-5 |p 14209.86 |t Ej.1 | ||
| 859 | |a CEMS |b BIB. CEMS - 11 de abril |h Pe863.4 |i V426-5 |p 14210.86 |t Ej.2 | ||
